<?xml version="1.0" encoding="UTF-8"?><?xml-stylesheet type="text/xsl" href="static/style.xsl"?><OAI-PMH xmlns="http://www.openarchives.org/OAI/2.0/" xmlns:xsi="http://www.w3.org/2001/XMLSchema-instance" xsi:schemaLocation="http://www.openarchives.org/OAI/2.0/ http://www.openarchives.org/OAI/2.0/OAI-PMH.xsd"><responseDate>2026-04-27T20:16:06Z</responseDate><request verb="GetRecord" identifier="oai:uvadoc.uva.es:10324/19355" metadataPrefix="marc">https://uvadoc.uva.es/oai/request</request><GetRecord><record><header><identifier>oai:uvadoc.uva.es:10324/19355</identifier><datestamp>2021-06-29T16:12:20Z</datestamp><setSpec>com_10324_38</setSpec><setSpec>col_10324_852</setSpec></header><metadata><record xmlns="http://www.loc.gov/MARC21/slim" xmlns:doc="http://www.lyncode.com/xoai" xmlns:xsi="http://www.w3.org/2001/XMLSchema-instance" xmlns:dcterms="http://purl.org/dc/terms/" xsi:schemaLocation="http://www.loc.gov/MARC21/slim http://www.loc.gov/standards/marcxml/schema/MARC21slim.xsd">
<leader>00925njm 22002777a 4500</leader>
<datafield tag="042" ind1=" " ind2=" ">
<subfield code="a">dc</subfield>
</datafield>
<datafield tag="720" ind1=" " ind2=" ">
<subfield code="a">Francisco González, Adrián</subfield>
<subfield code="e">author</subfield>
</datafield>
<datafield tag="260" ind1=" " ind2=" ">
<subfield code="c">2016</subfield>
</datafield>
<datafield tag="520" ind1=" " ind2=" ">
<subfield code="a">El presente Trabajo Fin de Grado presenta la realización del&#xd;
diseño mecánico de una pieza integrada dentro de un motor&#xd;
de combustión, en concreto, la biela.&#xd;
En primer lugar se hará una breve descripción del ciclo de&#xd;
vida de un proyecto, para enmarcar así la posición de este&#xd;
trabajo.&#xd;
Posteriormente se hará una presentación de nuestra pieza y&#xd;
se ubicará dentro del motor, con el objetivo de conocer cuál&#xd;
es su función y su entorno.&#xd;
Por último se llevarán a cabo todos los estudios y cálculos&#xd;
pertinentes que justifiquen nuestro diseño final, haciendo&#xd;
uso de conceptos teóricos y sobre todo de software&#xd;
ingenieril específico. Esta última fase en su conjunto,&#xd;
responderá a un ciclo PDCA (Plan-Do-Check-Act), icono de la&#xd;
ingeniería como símbolo de optimización.</subfield>
</datafield>
<datafield tag="024" ind2=" " ind1="8">
<subfield code="a">http://uvadoc.uva.es/handle/10324/19355</subfield>
</datafield>
<datafield ind1=" " ind2=" " tag="653">
<subfield code="a">Motores de combustión interna - Piezas</subfield>
</datafield>
<datafield ind1=" " ind2=" " tag="653">
<subfield code="a">Motores térmicos</subfield>
</datafield>
<datafield tag="245" ind1="0" ind2="0">
<subfield code="a">Diseño de una biela para un motor de combustión</subfield>
</datafield>
</record></metadata></record></GetRecord></OAI-PMH>